00313nam a2200121Ia 450000500170000000800410001708200130005810000170007124500240008826000410011230000130015350000250016620250404030230.0240331s9999 xx 000 0 und d bSOMa894 aSomakanthan, 0aVidivelli poothathu aVadapalanibKumaran Publishersc1993 a158 p ., aA Tamil Social Novel